[Event "Southwest op 85th"]
[Site "Irving"]
[Date "2019.08.31"]
[Round "5"]
[White "Polavaram, Rithik S"]
[Black "Shamatava, Ana"]
[Result "1-0"]
[WhiteElo "2062"]
[BlackElo "2159"]
[PlyCount "75"]
[EventDate "2019.08.29"]
[EventType "swiss"]
[EventRounds "9"]
[EventCountry "USA"]
[SourceTitle "EXT 2020"]
[Source "ChessBase"]
[SourceDate "2019.10.17"]
[SourceVersion "1"]
[SourceVersionDate "2019.10.17"]
[SourceQuality "1"]

1. d4 f5 2. Nc3 d5 3. Bg5 c6 4. e3 g6 5. Bd3 Bg7 6. Nge2 Be6 7. h4 Bf7 8. h5 Nd7 9. g4 gxh5 10. gxf5 Ngf6 11. Nf4 Qa5 12. Ne6 Rg8 13. a3 b5 14. b4 Qb6 15. Be2 Bh8 16. Bf4 Rc8 17. Ng5 Rxg5 18. Bxg5 a6 19. Bf4 Qb7 20. Nb1 Nf8 21. Nd2 Qd7 22. Bd3 e6 23. Nb3 exf5 24. Nc5 Qe7 25. Bxf5 Ra8 26. a4 Ng6 27. Bg3 Kf8 28. axb5 cxb5 29. Qf3 Kg8 30. Kd2 Bg7 31. c3 h4 32. Bh2 Ne8 33. Ra5 Nd6 34. Bxd6 Qxd6 35. Rha1 Qh2 36. Rxa6 Re8 37. Ra8 Bh6 38. Be6 1-0

[Event "Southwest op 85th"]
[Site "Irving"]
[Date "2019.08.29"]
[Round "1"]
[White "Polavaram, Rithik S"]
[Black "Nakar, Eylon"]
[Result "0-1"]
[WhiteElo "2062"]
[BlackElo "2441"]
[PlyCount "70"]
[EventDate "2019.08.29"]
[EventType "swiss"]
[EventRounds "9"]
[EventCountry "USA"]
[SourceTitle "EXT 2020"]
[Source "ChessBase"]
[SourceDate "2019.10.17"]
[SourceVersion "1"]
[SourceVersionDate "2019.10.17"]
[SourceQuality "1"]

1. d4 Nf6 2. c4 e6 3. Nc3 Bb4 4. e3 0-0 5. Nge2 Re8 6. a3 Bf8 7. d5 a5 8. g3 Na6 9. Bg2 Nc5 10. b3 d6 11. Bb2 g6 12. Nc1 Bg7 13. Nd3 Nxd3+ 14. Qxd3 exd5 15. cxd5 Bf5 16. Qd2 Nd7 17. Ne2 Ne5 18. 0-0 a4 19. f4 Ng4 20. Bxg7 Kxg7 21. Nd4 Nxe3 22. Rf3 Nxg2 23. Nxf5+ gxf5 24. Kxg2 Qf6 25. Rc1 Re7 26. b4 Rae8 27. Rf2 Re3 28. Rxc7 Rxa3 29. Rxb7 Ree3 30. Qc2 Rac3 31. Qxa4 Qd4 32. Qa7 Qxd5+ 33. Kh3 Ra3 34. Qb6 Re6 35. Qb5 Rh6# 0-1

[Event "Philadelphia int op 13th"]
[Site "Philadelphia"]
[Date "2019.06.27"]
[Round "1"]
[White "Mulyar, Michael A"]
[Black "Polavaram, Rithik S"]
[Result "1-0"]
[WhiteElo "2381"]
[BlackElo "2058"]
[PlyCount "79"]
[EventDate "2019.06.27"]
[EventType "swiss"]
[EventRounds "9"]
[EventCountry "USA"]
[SourceTitle "EXT 2020"]
[Source "ChessBase"]
[SourceDate "2019.10.17"]
[SourceVersion "1"]
[SourceVersionDate "2019.10.17"]
[SourceQuality "1"]

1. d4 Nf6 2. Nf3 d5 3. c4 e6 4. Nc3 Bb4 5. Bg5 0-0 6. e3 h6 7. Bh4 g5 8. Bg3 Ne4 9. Nd2 Nxc3 10. bxc3 Bxc3 11. Rc1 Bxd2+ 12. Qxd2 c6 13. h4 Kg7 14. Bd3 Rh8 15. hxg5 hxg5 16. Rxh8 Qxh8 17. e4 Qh6 18. cxd5 exd5 19. exd5 Bd7 20. f3 cxd5 21. Rc7 Be6 22. Rxb7 Nc6 23. Bb5 Rc8 24. Kf2 Bf5 25. Rc7 Rxc7 26. Bxc7 Kf8 27. Bg3 Bd7 28. Bxc6 Bxc6 29. Qb4+ Kg8 30. Qb8+ Qf8 31. Qxa7 Qa8 32. Qb6 Qxa2+ 33. Kg1 Qa8 34. Bb8 Kh7 35. Kh2 Qb7 36. Qd8 f6 37. Bc7 Kg6 38. Qg8+ Kh6 39. Bd6 Qh7 40. Bf8+ 1-0

[Event "Bay Area op"]
[Site "Burlingame"]
[Date "2019.01.01"]
[Round "1"]
[White "Polavaram, Rithik S"]
[Black "Li, Zhaozhi"]
[Result "0-1"]
[WhiteElo "2056"]
[BlackElo "2395"]
[PlyCount "92"]
[EventDate "2019.01.01"]
[EventType "swiss"]
[EventRounds "9"]
[EventCountry "USA"]
[SourceTitle "CBM 188 Extra"]
[Source "ChessBase"]
[SourceDate "2019.02.26"]
[SourceVersion "1"]
[SourceVersionDate "2019.02.26"]
[SourceQuality "1"]

1. d4 Nf6 2. c4 e6 3. Nc3 Bb4 4. e3 0-0 5. Nge2 Re8 6. a3 Bf8 7. d5 a5 8. Ng3 Na6 9. Bd3 Nc5 10. Bc2 exd5 11. cxd5 b5 12. Nxb5 Ba6 13. Nc3 Bd6 14. Nce2 g6 15. 0-0 h5 16. Re1 h4 17. Nf1 c6 18. dxc6 dxc6 19. Nd4 Qc7 20. h3 Rad8 21. Qf3 Be5 22. Bd2 Nce4 23. Rad1 c5 24. Nb3 Ng5 25. Bxa5 Nxf3+ 26. gxf3 Rxd1 27. Rxd1 Qc8 28. Kg2 Bxb2 29. a4 Bb7 30. e4 Nh5 31. Bd2 Rd8 32. Bg5 Rxd1 33. Bxd1 f6 34. Be3 Bd4 35. Nxd4 cxd4 36. Bb3+ Kg7 37. Bd2 Ba6 38. Nh2 Bc4 39. Bxc4 Qxc4 40. Nf1 Qxa4 41. Kg1 Qd1 42. Kg2 f5 43. exf5 gxf5 44. f4 Nf6 45. Bb4 Ne4 46. Ba5 Qe2 0-1

[Event "Dallas UT Fall op"]
[Site "Dallas"]
[Date "2018.11.17"]
[Round "3"]
[White "Kung, Thomas"]
[Black "Polavaram, Rithik S"]
[Result "1-0"]
[WhiteElo "2168"]
[BlackElo "2082"]
[PlyCount "77"]
[EventDate "2018.11.16"]
[EventType "swiss"]
[EventRounds "9"]
[EventCountry "USA"]
[SourceTitle "CBM 187 Extra"]
[Source "ChessBase"]
[SourceDate "2018.11.04"]
[SourceVersion "1"]
[SourceVersionDate "2018.11.04"]
[SourceQuality "1"]

1. e4 e5 2. Nf3 Nc6 3. Nc3 Nf6 4. Bb5 Bb4 5. 0-0 0-0 6. d3 d6 7. Bg5 Bxc3 8. bxc3 Qe7 9. Re1 Nd8 10. d4 Ne6 11. Bc1 c6 12. Bf1 Rd8 13. a4 b6 14. c4 Nc7 15. Qd3 c5 16. c3 a5 17. Be3 Bb7 18. d5 Bc8 19. g3 Nh5 20. Nd2 g6 21. f4 f5 22. fxe5 dxe5 23. Qe2 Nf6 24. Bg5 Re8 25. Bh3 h6 26. Bxh6 Qh7 27. Bg5 Nfxd5 28. Bg2 Nxc3 29. Qd3 Nxe4 30. Bxe4 fxe4 31. Nxe4 Bf5 32. Nf6+ Kf7 33. Qd6 Qh3 34. Nxe8 Rxe8 35. Qxc7+ Bd7 36. Rad1 Rh8 37. Rxd7+ Ke6 38. Qd6+ Kf5 39. Rxe5+ 1-0

[Event "Dallas UT Fall op"]
[Site "Dallas"]
[Date "2018.11.16"]
[Round "1"]
[White "Nakar, Eylon"]
[Black "Polavaram, Rithik S"]
[Result "1-0"]
[WhiteElo "2456"]
[BlackElo "2082"]
[PlyCount "87"]
[EventDate "2018.11.16"]
[EventType "swiss"]
[EventRounds "9"]
[EventCountry "USA"]
[SourceTitle "CBM 187 Extra"]
[Source "ChessBase"]
[SourceDate "2018.11.04"]
[SourceVersion "1"]
[SourceVersionDate "2018.11.04"]
[SourceQuality "1"]

1. e4 e5 2. Nf3 Nc6 3. Bb5 a6 4. Ba4 Nf6 5. 0-0 Be7 6. d3 b5 7. Bb3 d6 8. c3 0-0 9. Re1 Bb7 10. Nbd2 Nd7 11. Nf1 Na5 12. Bc2 c5 13. Ne3 g6 14. b4 Nc6 15. Nd5 Nf6 16. Bh6 Re8 17. Nxe7+ Qxe7 18. a3 a5 19. bxc5 dxc5 20. Bb3 Rad8 21. Qe2 Rd6 22. Ng5 Nd8 23. h3 Bc8 24. Rab1 Rb6 25. Qe3 Ne6 26. Bc4 Nxg5 27. Bxg5 Bd7 28. a4 b4 29. cxb4 Rxb4 30. Rxb4 cxb4 31. Qa7 Kg7 32. Qxa5 Qd6 33. Rb1 Rb8 34. Be3 Qc6 35. Qxe5 Re8 36. Qd4 Qxa4 37. e5 Ng8 38. e6+ Kf8 39. exd7 Rd8 40. Qd6+ Kg7 41. Bd4+ f6 42. Bxg8 Kxg8 43. Qe6+ Kf8 44. Qxf6+ 1-0

[Event "Saint Louis SPICE Cup op 12th"]
[Site "Saint Louis"]
[Date "2018.10.27"]
[Round "7"]
[White "Polavaram, Rithik S"]
[Black "Grabinsky, Aaron"]
[Result "0-1"]
[WhiteElo "2069"]
[BlackElo "2375"]
[PlyCount "130"]
[EventDate "2018.10.23"]
[EventType "swiss"]
[EventRounds "9"]
[EventCountry "USA"]
[SourceTitle "CBM 187 Extra"]
[Source "ChessBase"]
[SourceDate "2018.11.04"]
[SourceVersion "1"]
[SourceVersionDate "2018.11.04"]
[SourceQuality "1"]

1. d4 Nf6 2. c4 e6 3. Nc3 Bb4 4. e3 0-0 5. Nge2 c6 6. a3 Ba5 7. b4 Bc7 8. e4 d5 9. e5 Nfd7 10. c5 f6 11. f4 fxe5 12. fxe5 Nxe5 13. dxe5 Bxe5 14. Be3 a5 15. Rb1 axb4 16. axb4 Qf6 17. Qd2 Ra3 18. Nd1 Qg6 19. Qc1 Ra2 20. Rb3 b6 21. Qb1 Rc2 22. Nf4 Bxf4 23. Bd3 Qxg2 24. Rg1 Qxh2 25. Qxc2 Bg3+ 26. Rxg3 Qxg3+ 27. Bf2 Qh2 28. Bf1 b5 29. Rh3 Qe5+ 30. Re3 Qf4 31. Qb2 Na6 32. Rb3 e5 33. Bg2 Qg4 34. Ne3 Qg5 35. Bf1 d4 36. Nd1 Bg4 37. Rg3 Qf4 38. Rxg4 Qxg4 39. Qa2+ Kh8 40. Qxa6 Qe4+ 41. Kd2 Qd5 42. Qa1 e4 43. Bxd4 Rd8 44. Ke3 Qg5+ 45. Ke2 Qg4+ 46. Ke1 Qg3+ 47. Ke2 Qd3+ 48. Ke1 Qxd4 49. Qxd4 Rxd4 50. Nc3 Rxb4 51. Kd2 g6 52. Ke3 Rb3 53. Kd2 e3+ 54. Kc2 Rb4 55. Kd3 Rc4 56. Ne4 Rc1 57. Be2 b4 58. Kxe3 b3 59. Nd2 b2 60. Bd3 Rxc5 61. Kd4 Rc1 62. Ke4 c5 63. Kd5 Rd1 64. Kxc5 Rxd2 65. Kc4 Rxd3 0-1

[Event "Saint Louis SPICE Cup op 12th"]
[Site "Saint Louis"]
[Date "2018.10.25"]
[Round "5"]
[White "Shoykhet, Benjamin Effron"]
[Black "Polavaram, Rithik S"]
[Result "0-1"]
[WhiteElo "1855"]
[BlackElo "2069"]
[PlyCount "102"]
[EventDate "2018.10.23"]
[EventType "swiss"]
[EventRounds "9"]
[EventCountry "USA"]
[SourceTitle "CBM 187 Extra"]
[Source "ChessBase"]
[SourceDate "2018.11.04"]
[SourceVersion "1"]
[SourceVersionDate "2018.11.04"]
[SourceQuality "1"]

1. c4 Nf6 2. g3 e6 3. Bg2 d5 4. Nf3 Be7 5. 0-0 0-0 6. d4 dxc4 7. Ne5 Nc6 8. Nxc6 bxc6 9. Bxc6 Rb8 10. Na3 Bxa3 11. bxa3 Nd5 12. Qc2 Ba6 13. Bd2 Qd6 14. Bxd5 Qxd5 15. Bc3 Bb7 16. f3 c5 17. Rfd1 Rfd8 18. Kg2 Rdc8 19. Rab1 f6 20. dxc5 Qxc5 21. Rd7 Rc7 22. Bb4 Qc6 23. Rd6 Qe8 24. Rbd1 f5 25. Ba5 Rcc8 26. Rd7 Bc6 27. Rxa7 Ba4 28. Qc3 Qf8 29. Rd2 Qf6 30. Qe3 c3 31. Rd3 f4 32. Qc1 c2 33. Bb4 Be8 34. Rb3 Bg6 35. Bc3 e5 36. Qb2 Rxb3 37. Qxb3+ Kh8 38. Qb7 Rg8 39. Qb2 Re8 40. Ra5 fxg3 41. hxg3 Qg5 42. f4 Qh5 43. Rxe5 Rxe5 44. fxe5 Qxe2+ 45. Kg1 Qe3+ 46. Kg2 Be4+ 47. Kh3 h5 48. Qb8+ Kh7 49. Bb2 Bf5+ 50. Kg2 Qe2+ 51. Kg1 Be4 0-1

[Event "Saint Louis SPICE Cup op 12th"]
[Site "Saint Louis"]
[Date "2018.10.23"]
[Round "1"]
[White "Escalante Ramirez, Brian Sebastian"]
[Black "Polavaram, Rithik S"]
[Result "1-0"]
[WhiteElo "2442"]
[BlackElo "2069"]
[PlyCount "111"]
[EventDate "2018.10.23"]
[EventType "swiss"]
[EventRounds "9"]
[EventCountry "USA"]
[SourceTitle "CBM 187 Extra"]
[Source "ChessBase"]
[SourceDate "2018.11.04"]
[SourceVersion "1"]
[SourceVersionDate "2018.11.04"]
[SourceQuality "1"]

1. e4 e5 2. Nf3 Nc6 3. d4 exd4 4. Nxd4 Nf6 5. Nxc6 bxc6 6. Qe2 Bb4+ 7. c3 Be7 8. e5 Nd5 9. c4 Nb6 10. Qc2 d5 11. exd6 cxd6 12. Bd3 g6 13. Bh6 Bf8 14. Bxf8 Kxf8 15. 0-0 Kg7 16. Nd2 d5 17. c5 Nd7 18. b4 Ne5 19. Nb3 Qf6 20. Rfe1 h5 21. Bf1 Bf5 22. Qc3 Rae8 23. f4 Nd3 24. Qxf6+ Kxf6 25. Bxd3 Bxd3 26. Nd4 Rc8 27. Re3 Be4 28. Ra3 Rc7 29. Ra6 Rhc8 30. b5 Bd3 31. a4 Ke7 32. Nxc6+ Rxc6 33. Rxc6 Rxc6 34. bxc6 Kd8 35. Kf2 Kc7 36. Ke3 Be4 37. Ra2 Kxc6 38. Kd4 Bf5 39. Rb2 Be6 40. Rb8 Bd7 41. Rf8 Be6 42. Rd8 Kb7 43. h4 Kc6 44. Rd6+ Kc7 45. Ra6 Kb7 46. Rd6 Kc7 47. Rxd5 Bxd5 48. Kxd5 f5 49. c6 a6 50. Kc5 Kc8 51. Kb6 Kb8 52. c7+ Kc8 53. Kc6 a5 54. Kb6 Kd7 55. Kb7 Kd6 56. c8Q 1-0

[Event "Dallas Fall op"]
[Site "Dallas"]
[Date "2017.11.22"]
[Round "9"]
[White "Polavaram, Rithik S"]
[Black "Eliezer, Segev"]
[Result "0-1"]
[WhiteElo "1957"]
[BlackElo "1814"]
[PlyCount "98"]
[EventDate "2017.11.17"]
[EventType "swiss"]
[EventRounds "9"]
[EventCountry "USA"]
[SourceTitle "CBM 181 Extra"]
[Source "ChessBase"]
[SourceDate "2017.12.12"]
[SourceVersion "1"]
[SourceVersionDate "2017.12.12"]
[SourceQuality "1"]

1. d4 d5 2. c4 e6 3. Nc3 Be7 4. e3 Nf6 5. Nf3 0-0 6. Bd3 b6 7. 0-0 c5 8. Qe2 Nc6 9. Rd1 Bb7 10. b3 Rc8 11. cxd5 exd5 12. Bb2 Qc7 13. Rac1 Qb8 14. dxc5 bxc5 15. Bf5 Rc7 16. Qe1 Nb4 17. a3 Na6 18. Qe2 Rd8 19. Nb5 Rc6 20. Bc3 Nc7 21. Nxc7 Qxc7 22. Qe1 Nd7 23. Bxd7 Rxd7 24. Ne5 Rh6 25. f4 Rdd6 26. Bd4 Ra6 27. b4 c4 28. Qc3 Bc8 29. Nf3 f6 30. Kf2 Bf5 31. Nd2 Rxh2 32. Rh1 Rxh1 33. Rxh1 Qc6 34. Rg1 Qa4 35. g4 Bd3 36. g5 Kh8 37. gxf6 Bxf6 38. Bxf6 Rxf6 39. Qe5 h6 40. Qe7 Rg6 41. Rxg6 Bxg6 42. Qd8+ Kh7 43. Qxd5 Qc2 44. Kg3 c3 45. Nb3 Be4 46. Qd4 Qg2+ 47. Kh4 g5+ 48. fxg5 hxg5+ 49. Kh5 Bg6# 0-1

[Event "Dallas Fall op"]
[Site "Dallas"]
[Date "2017.11.20"]
[Round "6"]
[White "Polavaram, Rithik S"]
[Black "Yim, Sung Ho"]
[Result "0-1"]
[WhiteElo "1957"]
[BlackElo "2275"]
[PlyCount "70"]
[EventDate "2017.11.17"]
[EventType "swiss"]
[EventRounds "9"]
[EventCountry "USA"]
[SourceTitle "CBM 181 Extra"]
[Source "ChessBase"]
[SourceDate "2017.12.12"]
[SourceVersion "1"]
[SourceVersionDate "2017.12.12"]
[SourceQuality "1"]

1. d4 Nf6 2. c4 e6 3. Nc3 Bb4 4. e3 0-0 5. Nge2 c6 6. a3 Ba5 7. b4 Bc7 8. Bb2 d5 9. Ng3 Nbd7 10. Be2 dxc4 11. Bxc4 e5 12. Nce2 e4 13. Bb3 Nb6 14. Nc3 Re8 15. 0-0 h5 16. f4 h4 17. Nh1 Bg4 18. Qc2 h3 19. g3 Bf3 20. Nf2 Qd7 21. Rfe1 Qf5 22. Nb1 Bg2 23. Nd2 Qg6 24. Qd1 Bxf4 25. exf4 e3 26. Bc2 exf2+ 27. Kxf2 Ng4+ 28. Kg1 Rxe1+ 29. Qxe1 Qxc2 30. Rb1 Nf6 31. Qf2 Nc4 32. Rc1 Qxd2 33. Qxd2 Nxd2 34. Rc2 Nf3+ 35. Kf2 Ng4+ 0-1

[Event "Dallas Fall op"]
[Site "Dallas"]
[Date "2017.11.18"]
[Round "2"]
[White "Kambrath, Yannick"]
[Black "Polavaram, Rithik S"]
[Result "1-0"]
[WhiteElo "2332"]
[BlackElo "1957"]
[PlyCount "99"]
[EventDate "2017.11.17"]
[EventType "swiss"]
[EventRounds "9"]
[EventCountry "USA"]
[SourceTitle "CBM 181 Extra"]
[Source "ChessBase"]
[SourceDate "2017.12.12"]
[SourceVersion "1"]
[SourceVersionDate "2017.12.12"]
[SourceQuality "1"]

1. c4 e6 2. Nc3 Nf6 3. e4 d6 4. d4 Nbd7 5. Nf3 e5 6. Be2 g6 7. 0-0 Bg7 8. Qc2 0-0 9. Rd1 Qe7 10. dxe5 dxe5 11. Nd5 Nxd5 12. cxd5 Nb6 13. Be3 Rd8 14. Rac1 f5 15. Qxc7 Qxc7 16. Rxc7 fxe4 17. Ng5 h6 18. Nxe4 Bf5 19. Nc3 Rd7 20. Rxd7 Bxd7 21. Ne4 Rd8 22. b3 Bc8 23. a4 Bf5 24. Nc5 Bc8 25. a5 Na8 26. d6 b6 27. d7 bxc5 28. dxc8Q Rxc8 29. Bc4+ Kh7 30. Rd7 Rc7 31. Rd8 Nb6 32. axb6 axb6 33. Rb8 Ra7 34. g3 h5 35. Rxb6 Ra8 36. Bd3 Ra1+ 37. Kg2 Ra8 38. Bxg6+ Kh8 39. Bxh5 Rd8 40. Bxc5 Rd5 41. Be3 e4 42. Bg6 Rd8 43. Bxe4 Re8 44. Bg6 Re7 45. Rb8+ Bf8 46. Rxf8+ Kg7 47. Rf7+ Kg8 48. Rxe7 Kh8 49. Bd4+ Kg8 50. Re8# 1-0

[Event "Wisconsin Int"]
[Site "Madison"]
[Date "2017.06.18"]
[Round "9"]
[White "Polavaram, Rithik S"]
[Black "Cooklev, Steven"]
[Result "1/2-1/2"]
[WhiteElo "1994"]
[BlackElo "2133"]
[PlyCount "100"]
[EventDate "2017.06.13"]
[EventType "swiss"]
[EventRounds "9"]
[EventCountry "USA"]
[SourceTitle "CBM 179 Extra"]
[Source "ChessBase"]
[SourceDate "2017.08.23"]
[SourceVersion "1"]
[SourceVersionDate "2017.08.23"]
[SourceQuality "1"]

1. d4 Nf6 2. c4 e6 3. Nc3 Bb4 4. e3 0-0 5. Nge2 d5 6. a3 Be7 7. Ng3 c5 8. dxc5 dxc4 9. Bxc4 Qxd1+ 10. Kxd1 Bxc5 11. Ke2 b6 12. Nge4 Nxe4 13. Nxe4 Be7 14. f3 Bb7 15. Nf2 Nc6 16. Bd2 Ne5 17. Bb5 a6 18. Bd3 Nxd3 19. Nxd3 a5 20. Bc3 Ba6 21. Rhd1 Rfd8 22. Rd2 Rd7 23. Rad1 Rad8 24. Bd4 Bc5 25. Bc3 f6 26. f4 e5 27. fxe5 fxe5 28. Bxe5 Re8 29. Bf4 g5 30. Bxg5 Rg7 31. Bf4 Rxg2+ 32. Ke1 Rg1+ 33. Kf2 Rxd1 34. Rxd1 Rd8 35. Rg1+ Kf7 36. Nxc5 Rd2+ 37. Kg3 bxc5 38. Rg2 Rxg2+ 39. Kxg2 Ke6 40. e4 Bd3 41. Kf3 a4 42. Ke3 c4 43. Kd4 Bc2 44. Bg3 Bb1 45. Be1 Bc2 46. e5 Bb3 47. Ke4 Bc2+ 48. Kf4 Bd3 49. Bc3 Bc2 50. Kg5 Bd3 1/2-1/2

[Event "Wisconsin Int"]
[Site "Madison"]
[Date "2017.06.14"]
[Round "2"]
[White "Boris, Peter Theodore"]
[Black "Polavaram, Rithik S"]
[Result "0-1"]
[WhiteElo "1695"]
[BlackElo "1994"]
[PlyCount "114"]
[EventDate "2017.06.13"]
[EventType "swiss"]
[EventRounds "9"]
[EventCountry "USA"]
[SourceTitle "CBM 179 Extra"]
[Source "ChessBase"]
[SourceDate "2017.08.23"]
[SourceVersion "1"]
[SourceVersionDate "2017.08.23"]
[SourceQuality "1"]

1. e4 e5 2. Nf3 Nc6 3. Bb5 a6 4. Ba4 Nf6 5. 0-0 Be7 6. Re1 b5 7. Bb3 d6 8. c3 0-0 9. h3 Bb7 10. d4 Nd7 11. Nbd2 exd4 12. cxd4 Bf6 13. Nf1 Re8 14. N1h2 h5 15. Bf4 Re7 16. Ng5 g6 17. Nhf3 Na5 18. Bc2 Qe8 19. Rc1 Rd8 20. Bd3 Nf8 21. Qd2 Nc6 22. d5 Ne5 23. Nxe5 Bxe5 24. Bxe5 dxe5 25. Qc2 Rd6 26. Qb3 f6 27. Nf3 Qf7 28. Qb4 Rb6 29. Bb1 Rd7 30. Nd2 Qe7 31. Qxe7 Rxe7 32. Nb3 c6 33. dxc6 Rxc6 34. Rxc6 Bxc6 35. Rc1 Ba8 36. Rd1 Rd7 37. Rxd7 Nxd7 38. Kf1 Kf7 39. Bc2 Ke6 40. Ke2 Kd6 41. f3 Nb6 42. Nd2 Bc6 43. Kd3 a5 44. b3 Kc5 45. a3 Na8 46. Nb1 Nc7 47. Nd2 Na6 48. g4 h4 49. Ke3 g5 50. Kd3 Nc7 51. Nf1 Ne6 52. Ne3 Nf4+ 53. Kd2 Nxh3 54. Ke1 Nf4 55. Nf5 Bd7 56. Ne7 h3 57. Nd5 h2 0-1

[Event "Southwest Class-ch 8th"]
[Site "Fort Worth"]
[Date "2017.02.19"]
[Round "7"]
[White "Polavaram, Rithik S"]
[Black "Zaloznyy, Mike"]
[Result "0-1"]
[WhiteElo "1908"]
[BlackElo "2100"]
[PlyCount "34"]
[EventDate "2017.02.16"]
[EventType "swiss"]
[EventRounds "9"]
[EventCountry "USA"]
[SourceTitle "EXT 2018"]
[Source "ChessBase"]
[SourceDate "2017.10.13"]
[SourceVersion "1"]
[SourceVersionDate "2017.10.13"]
[SourceQuality "1"]

1. d4 e6 2. c4 b6 3. e4 Bb7 4. Bd3 Bb4+ 5. Bd2 Bxd2+ 6. Nxd2 f5 7. f3 Qg5 8. Qe2 Nc6 9. Qf2 Nge7 10. Nh3 Qf6 11. e5 Qh6 12. f4 Nxd4 13. 0-0-0 c5 14. Rhg1 Nec6 15. Qe3 Qh5 16. Nf2 Nb4 17. Bb1 Ne2+ 0-1

[Event "Southwest Class-ch 8th"]
[Site "Fort Worth"]
[Date "2017.02.17"]
[Round "3"]
[White "James, Dylan"]
[Black "Polavaram, Rithik S"]
[Result "0-1"]
[WhiteElo "2111"]
[BlackElo "1908"]
[PlyCount "99"]
[EventDate "2017.02.16"]
[EventType "swiss"]
[EventRounds "9"]
[EventCountry "USA"]
[SourceTitle "EXT 2018"]
[Source "ChessBase"]
[SourceDate "2017.10.13"]
[SourceVersion "1"]
[SourceVersionDate "2017.10.13"]
[SourceQuality "1"]

1. e4 e5 2. Nc3 Nf6 3. g3 Nc6 4. Bg2 Bc5 5. Na4 Be7 6. Nc3 0-0 7. Nge2 Bc5 8. 0-0 a6 9. d3 d6 10. h3 Be6 11. Nd5 h6 12. Kh2 Nd4 13. Nxd4 exd4 14. Nxf6+ Qxf6 15. f4 c6 16. g4 Bd7 17. Qf3 Bb6 18. Bd2 Bc7 19. Qg3 g6 20. Rac1 Qg7 21. h4 f6 22. Bh3 g5 23. Rf2 Be6 24. Rcf1 d5 25. Kg1 dxe4 26. dxe4 Bc4 27. Re1 c5 28. c3 Bxa2 29. cxd4 cxd4 30. Qa3 Be6 31. Qc5 Rad8 32. f5 Bc8 33. hxg5 hxg5 34. Bf1 Bg3 35. Bc4+ Kh8 36. Ree2 Bxf2+ 37. Rxf2 Qd7 38. Bxg5 Kg7 39. Bf4 b5 40. Be6 Qb7 41. Bd5 Qd7 42. g5 Rg8 43. Rg2 Kh8 44. g6 Kg7 45. Bh6+ Kxh6 46. Rh2+ Kg5 47. Qc1+ Kg4 48. Rg2+ Kh5 49. Qf4 Rxg6 50. Qh2# 0-1

[Event "Wch U10"]
[Site "Batumi"]
[Date "2016.10.26"]
[Round "7"]
[White "Polavaram, Rithik S"]
[Black "Kostolansky, Sebastian Lukas"]
[Result "0-1"]
[WhiteElo "1784"]
[BlackElo "1984"]
[PlyCount "166"]
[EventDate "2016.10.19"]
[EventType "swiss"]
[EventRounds "11"]
[EventCountry "GEO"]
[SourceTitle "CBM 175 Extra"]
[Source "ChessBase"]
[SourceDate "2016.12.12"]
[SourceVersion "1"]
[SourceVersionDate "2016.12.12"]
[SourceQuality "1"]

1. d4 Nf6 2. c4 e6 3. Nc3 Bb4 4. e3 0-0 5. Nge2 Re8 6. a3 Bf8 7. Ng3 d5 8. Be2 Nbd7 9. 0-0 c6 10. Qc2 Bd6 11. e4 Bxg3 12. hxg3 dxc4 13. e5 Nd5 14. Bxc4 b6 15. Ne4 Qe7 16. Bd3 c5 17. Nd6 Rf8 18. dxc5 Nxe5 19. Bxh7+ Kh8 20. Be4 bxc5 21. Bxd5 exd5 22. Qxc5 Ba6 23. Rd1 Rad8 24. Qxd5 Bc4 25. Qd4 Bb3 26. Bf4 Nc6 27. Qc3 Bxd1 28. Rxd1 Nb8 29. Rd5 Kg8 30. Rg5 f6 31. Qc4+ Kh7 32. Qd3+ f5 33. Rh5+ Kg6 34. Rxf5 Rxd6 35. Rg5+ Kf7 36. Qb3+ Re6 37. Rf5+ Kg6 38. Rg5+ Kh7 39. Rh5+ Kg8 40. Bxb8 Qf7 41. Re5 Rf6 42. Qxf7+ R6xf7 43. Bd6 Rd8 44. Bb4 Rc7 45. Bc3 Rd1+ 46. Re1 Rxe1+ 47. Bxe1 Rc1 48. Kf1 Rb1 49. b4 Ra1 50. Ke2 Rxa3 51. g4 Kf7 52. f4 Ke6 53. f5+ Ke5 54. g3 Ke4 55. Kf2 Ra2+ 56. Kf1 Rc2 57. Kg1 a6 58. Kf1 Kf3 59. g5 Rc6 60. Kg1 Ke2 61. Bf2 Rc1+ 62. Kg2 Rf1 63. Bd4 Rxf5 64. Bxg7 Rxg5 65. Bf8 Rf5 66. Bc5 a5 67. g4 Rg5 68. Kg3 a4 69. Be7 Rg6 70. b5 Ke3 71. g5 Ke4 72. Kg4 Rb6 73. Ba3 Rxb5 74. g6 Rb1 75. Bd6 Rb7 76. Kg5 Kd5 77. Bf8 Ke6 78. Kh6 Rb3 79. Kh7 Rh3+ 80. Bh6 Rg3 81. Bf8 Kf6 82. g7 Kf7 83. Kh6 a3 0-1

[Event "Wch U10"]
[Site "Batumi"]
[Date "2016.10.22"]
[Round "4"]
[White "Polavaram, Rithik S"]
[Black "Guipi Bopala, Prince Eric Jr"]
[Result "1/2-1/2"]
[WhiteElo "1784"]
[BlackElo "1518"]
[PlyCount "105"]
[EventDate "2016.10.19"]
[EventType "swiss"]
[EventRounds "11"]
[EventCountry "GEO"]
[SourceTitle "CBM 175 Extra"]
[Source "ChessBase"]
[SourceDate "2016.12.12"]
[SourceVersion "1"]
[SourceVersionDate "2016.12.12"]
[SourceQuality "1"]

1. d4 d5 2. c4 e6 3. Nc3 Be7 4. cxd5 exd5 5. Bf4 Nf6 6. e3 c6 7. Bd3 0-0 8. Nge2 Nbd7 9. 0-0 Re8 10. Qc2 Nf8 11. f3 Bd6 12. Bxd6 Qxd6 13. e4 dxe4 14. fxe4 Ng4 15. Rf4 g5 16. e5 Qh6 17. Rxg4 Bxg4 18. Ne4 Bxe2 19. Bxe2 Rad8 20. Nd6 Rxd6 21. exd6 Qxd6 22. Rd1 Ne6 23. Qd2 Rd8 24. Qe3 Qd5 25. Bg4 h6 26. Bxe6 Qxe6 27. Qxe6 fxe6 28. Re1 Rxd4 29. Rxe6 Rd1+ 30. Kf2 Rd2+ 31. Kg3 Rxb2 32. Rxh6 Kg7 33. Rd6 a6 34. a4 c5 35. Rd5 b6 36. Rxg5+ Kf6 37. Rh5 c4 38. Rh6+ Ke5 39. Rc6 Kd4 40. h4 c3 41. h5 c2 42. h6 Rb3+ 43. Kh2 Rc3 44. Rxc3 Kxc3 45. h7 c1Q 46. h8Q+ Kb4 47. Qd4+ Qc4 48. Qxb6+ Kxa4 49. g3 a5 50. Kh3 Qb4 51. Qc6+ Ka3 52. Qc1+ Ka2 53. Qc2+ 1/2-1/2

[Event "US Masters op"]
[Site "Greensboro"]
[Date "2016.08.28"]
[Round "7"]
[White "Polavaram, Rithik S"]
[Black "Schmuggerow, Kevin"]
[Result "0-1"]
[WhiteElo "1899"]
[BlackElo "1955"]
[PlyCount "110"]
[EventDate "2016.08.25"]
[EventType "swiss"]
[EventRounds "9"]
[EventCountry "USA"]
[SourceTitle "CBM 174 Extra"]
[Source "ChessBase"]
[SourceDate "2016.10.10"]
[SourceVersion "1"]
[SourceVersionDate "2016.10.10"]
[SourceQuality "1"]

1. d4 c5 2. d5 e6 3. c4 exd5 4. cxd5 d6 5. Nc3 f5 6. g3 Nf6 7. Bg2 Be7 8. Qc2 0-0 9. Nh3 Na6 10. Nf4 Nc7 11. a4 Rb8 12. 0-0 b6 13. f3 a6 14. e4 fxe4 15. fxe4 Ng4 16. Bd2 Bf6 17. Nce2 b5 18. axb5 axb5 19. h3 Ne5 20. Nh5 Be7 21. Rxf8+ Bxf8 22. Nhf4 g6 23. Ra7 Ra8 24. Rxa8 Nxa8 25. Nd3 Bg7 26. Bc3 Qe7 27. Nxe5 Bxe5 28. Bd2 Nb6 29. b3 Qa7 30. Be3 Qa5 31. Bf1 Nd7 32. Nf4 Nf6 33. Kf2 Bd7 34. Bg2 Qb4 35. Bd2 Bd4+ 36. Ke2 Qa3 37. Bc1 Qa1 38. Kf3 Nxe4 39. Qxe4 Qxc1 40. Ne2 Qd1 41. Kf4 Be5+ 42. Kf3 Qxb3+ 43. Kf2 Qb2 44. Bf3 Bf5 45. Qh4 Bf6 46. Qf4 Qe5 47. Qd2 b4 48. Qa2 Qa1 49. Qc4 Qa5 50. h4 Qb6 51. Qb3 c4+ 52. Qe3 Qxe3+ 53. Kxe3 b3 54. g4 Bd3 55. Nc1 b2 0-1